000 00470nam a22001937a 4500
003 MPLRDC
005 20220104153512.0
008 210129b ||||| |||| 00| 0 eng d
020 _a957-9056-45-5
082 _a192.8 HESS
100 _aHERMANN HESSE
245 _a赫塞语粹
_c顾燕翎译
250 _a初版
260 _a
_b万象图书
_c1991
300 _b
490 _a芦苇丛刊. 8
650 _a格言; 箴言; 金言
942 _cBK
_o192.8 HESS
999 _c53475
_d53465